| 000 | 00410nam a2200169Ia 4500 | ||
|---|---|---|---|
| 003 | GCL | ||
| 008 | 140319s9999 xx 000 0 eng d | ||
| 040 |
_aGCL / _cGCL |
||
| 082 | 0 | 4 |
_a880 _bG M |
| 100 | 1 | _aGRAVES, ROBERT | |
| 245 | 1 | 0 |
_aLE MYTHES GRECS / _cGRAVES, ROBERT |
| 260 |
_a[S.N] : _bFAYARD ، _c1967 |
||
| 300 | _a666 P | ||
| 650 | 0 | 4 | _aLITERATURE |
| 650 | 0 | 4 | _aLITERATURE - GREEK |
| 942 |
_2ddc _cBK |
||
| 999 |
_c23542 _d23542 |
||